000
00324nam a2200133Ia 4500
003
GCL
008
140319s9999 xx 000 0 ara d
040
_a
GCL /
_c
GCL
082
0
4
_a
ط
_b
507
_b
د ك
245
1
0
_a
البحر
260
_a
[S.N] :
_b
دار المعارف ،
_c
1992
300
_a
118
490
_a
كل شىء عن
_v
0
999
_c
58057
_d
58057